000 00331nam a22001457a 4500
020 _a81-7478-628-7
082 _a920
_bGOP/S
100 _aGOPALAN,SHANTI
245 _aSCIENTISTS OF INTERNATIONAL REPUTE
250 _aFIRST
260 _aCHENNAI
_bSURA BOOKS
_c2005
300 _a92
650 _aBIOGRAPHIES
_zCHENNAI
942 _cBK
999 _c6553
_d6553